[Event "EYCC 2024 - G14"]
[Site "?"]
[Date "2024.08.26"]
[Round "5.1"]
[White "Bernard, Ines"]
[Black "Kuznecova, Marija"]
[Result "0-1"]
[BlackElo "2174"]
[WhiteElo "2005"]
[LiveChessVersion "1.4.8"]

1. d4 {[%clk 1:30:55]} d5 {[%clk 1:30:51]} 2. Bf4 {[%clk 1:31:22]} Nf6
{[%clk 1:31:08]} 3. e3 {[%clk 1:31:50]} e6 {[%clk 1:31:23]} 4. Nf3
{[%clk 1:32:17]} c5 {[%clk 1:31:36]} 5. Nbd2 {[%clk 1:31:58]} Nc6
{[%clk 1:31:55]} 6. Bd3 {[%clk 1:28:04]} Nh5 {[%clk 1:28:23]} 7. Bg5
{[%clk 1:24:53]} Qb6 {[%clk 1:26:48]} 8. Rb1 {[%clk 1:24:08]} h6 {[%clk 1:21:03]}
9. Bh4 {[%clk 1:22:07]} cxd4 {[%clk 1:13:25]} 10. Nxd4 {[%clk 1:18:30]} Nf4
{[%clk 1:11:42]} 11. exf4 {[%clk 1:12:43]} Qxd4 {[%clk 1:11:33]} 12. Bg3
{[%clk 1:12:37]} Bd6 {[%clk 1:06:52]} 13. Qf3 {[%clk 1:10:36]} O-O
{[%clk 1:02:46]} 14. O-O {[%clk 1:06:22]} Nb4 {[%clk 0:56:20]} 15. Nb3
{[%clk 1:05:18]} Qf6 {[%clk 0:55:34]} 16. Rfd1 {[%clk 1:02:56]} Nxd3
{[%clk 0:48:52]} 17. Rxd3 {[%clk 0:57:21]} Bd7 {[%clk 0:45:54]} 18. Nd4
{[%clk 0:57:10]} Rac8 {[%clk 0:41:45]} 19. Re1 {[%clk 0:51:36]} Rfe8
{[%clk 0:34:03]} 20. Qe3 {[%clk 0:41:15]} b5 {[%clk 0:31:53]} 21. Qd2
{[%clk 0:36:01]} b4 {[%clk 0:30:19]} 22. Qd1 {[%clk 0:15:29]} Bxf4
{[%clk 0:22:56]} 23. Bxf4 {[%clk 0:10:56]} Qxf4 {[%clk 0:23:18]} 24. h3
{[%clk 0:10:03]} Qc7 {[%clk 0:20:42]} 25. Rg3 {[%clk 0:07:37]} e5
{[%clk 0:19:56]} 26. Nb3 {[%clk 0:07:27]} d4 {[%clk 0:18:06]} 27. Qd2
{[%clk 0:07:08]} Kh8 {[%clk 0:12:21]} 28. Qxb4 {[%clk 0:05:51]} Qxc2
{[%clk 0:12:30]} 29. Qd6 {[%clk 0:05:36]} Qc6 {[%clk 0:12:43]} 30. Qb4
{[%clk 0:05:44]} Bf5 {[%clk 0:12:19]} 31. Qa5 {[%clk 0:04:46]} Qd6
{[%clk 0:10:47]} 32. Qxa7 {[%clk 0:03:53]} Bg6 {[%clk 0:10:47]} 33. Qa5
{[%clk 0:02:54]} e4 {[%clk 0:09:55]} 34. Qa4 {[%clk 0:01:27]} d3 {[%clk 0:09:49]}
35. Nd2 {[%clk 0:01:52]} f5 {[%clk 0:08:52]} 36. b3 {[%clk 0:00:40]} f4
{[%clk 0:08:27]} 37. Rg4 {[%clk 0:00:38]} e3 {[%clk 0:08:10]} 38. fxe3
{[%clk 0:00:52]} fxe3 {[%clk 0:08:31]} 39. Nc4 {[%clk 0:00:37]} Rxc4
{[%clk 0:07:00]} 0-1

[Event "EYCC 2024 - G14"]
[Site "?"]
[Date "2024.08.26"]
[Round "5.2"]
[White "Mgeladze, Kesaria"]
[Black "Halas, Neele Zoe"]
[Result "1-0"]
[BlackElo "1785"]
[WhiteElo "2152"]
[LiveChessVersion "1.4.8"]

1. e4 {[%clk 1:30:57]} e5 {[%clk 1:30:52]} 2. Nf3 {[%clk 1:31:23]} Nc6
{[%clk 1:31:17]} 3. Bb5 {[%clk 1:31:49]} Nf6 {[%clk 1:31:42]} 4. d3
{[%clk 1:32:14]} Bc5 {[%clk 1:32:00]} 5. Bxc6 {[%clk 1:32:36]} dxc6
{[%clk 1:31:18]} 6. O-O {[%clk 1:33:02]} Nd7 {[%clk 1:21:58]} 7. c3
{[%clk 1:33:22]} O-O {[%clk 1:21:26]} 8. d4 {[%clk 1:33:49]} Bd6 {[%clk 1:20:49]}
9. Bg5 {[%clk 1:34:14]} f6 {[%clk 1:20:41]} 10. Bh4 {[%clk 1:34:40]} Re8
{[%clk 1:20:06]} 11. Nbd2 {[%clk 1:32:38]} b6 {[%clk 1:11:08]} 12. Re1
{[%clk 1:26:03]} Bb7 {[%clk 1:05:13]} 13. Nc4 {[%clk 1:20:45]} Qe7
{[%clk 1:01:01]} 14. Bg3 {[%clk 0:54:46]} Rad8 {[%clk 0:47:51]} 15. Qa4
{[%clk 0:43:12]} a6 {[%clk 0:44:10]} 16. Na5 {[%clk 0:40:34]} bxa5
{[%clk 0:38:46]} 17. Qb3+ {[%clk 0:41:01]} Qf7 {[%clk 0:37:57]} 18. Qxb7
{[%clk 0:41:24]} Rb8 {[%clk 0:37:50]} 19. Qxa6 {[%clk 0:35:45]} Rxb2
{[%clk 0:36:57]} 20. Qxc6 {[%clk 0:35:06]} Nb6 {[%clk 0:33:14]} 21. Rab1
{[%clk 0:34:53]} Rxa2 {[%clk 0:32:34]} 22. Rxb6 {[%clk 0:34:50]} cxb6
{[%clk 0:32:52]} 23. Qxd6 {[%clk 0:35:10]} exd4 {[%clk 0:29:53]} 24. cxd4
{[%clk 0:35:37]} Qb7 {[%clk 0:27:48]} 25. e5 {[%clk 0:32:26]} fxe5
{[%clk 0:27:24]} 26. Nxe5 {[%clk 0:32:51]} b5 {[%clk 0:25:58]} 27. Rc1
{[%clk 0:28:25]} h6 {[%clk 0:19:05]} 28. h3 {[%clk 0:28:28]} Qe7 {[%clk 0:13:18]}
29. Qd5+ {[%clk 0:26:50]} Qe6 {[%clk 0:13:41]} 30. Qxb5 {[%clk 0:26:57]} Rd2
{[%clk 0:12:26]} 31. Rc6 {[%clk 0:23:20]} Qa2 {[%clk 0:11:01]} 32. Rc7
{[%clk 0:23:08]} Rd8 {[%clk 0:08:40]} 33. Qb7 {[%clk 0:23:22]} R2xd4
{[%clk 0:05:21]} 34. Rxg7+ {[%clk 0:23:47]} Kf8 {[%clk 0:05:41]} 35. Qe7#
{[%clk 0:24:11]} 1-0

[Event "EYCC 2024 - G14"]
[Site "?"]
[Date "2024.08.26"]
[Round "5.3"]
[White "Vujovic, Vera"]
[Black "Aghaverdiyeva, Maryam"]
[Result "1-0"]
[BlackElo "1972"]
[WhiteElo "2175"]
[LiveChessVersion "1.4.8"]

1. e4 {[%clk 1:30:59]} c6 {[%clk 1:30:44]} 2. d4 {[%clk 1:31:26]} d5
{[%clk 1:30:48]} 3. Nc3 {[%clk 1:31:51]} dxe4 {[%clk 1:30:58]} 4. Nxe4
{[%clk 1:32:17]} Nf6 {[%clk 1:31:15]} 5. Nxf6+ {[%clk 1:32:42]} exf6
{[%clk 1:31:36]} 6. c3 {[%clk 1:33:09]} Bd6 {[%clk 1:31:38]} 7. Bd3
{[%clk 1:33:33]} O-O {[%clk 1:31:59]} 8. Qc2 {[%clk 1:33:59]} Re8+
{[%clk 1:32:21]} 9. Ne2 {[%clk 1:34:25]} h5 {[%clk 1:32:31]} 10. O-O
{[%clk 1:28:43]} Qc7 {[%clk 1:31:56]} 11. f4 {[%clk 1:28:05]} c5 {[%clk 1:07:27]}
12. d5 {[%clk 1:18:51]} c4 {[%clk 1:03:54]} 13. Be4 {[%clk 1:06:57]} Bg4
{[%clk 0:54:55]} 14. Nd4 {[%clk 1:02:38]} Bc5 {[%clk 0:52:37]} 15. h3
{[%clk 0:52:30]} f5 {[%clk 0:36:36]} 16. Bxf5 {[%clk 0:19:22]} Re2
{[%clk 0:34:50]} 17. Bh7+ {[%clk 0:18:33]} Kh8 {[%clk 0:34:47]} 18. Qb1
{[%clk 0:17:22]} Bxd4+ {[%clk 0:17:12]} 19. cxd4 {[%clk 0:17:43]} Bd7
{[%clk 0:17:08]} 20. Be4 {[%clk 0:14:29]} Qb6 {[%clk 0:17:26]} 21. Rd1
{[%clk 0:11:23]} Ba4 {[%clk 0:17:02]} 22. b3 {[%clk 0:11:47]} cxb3
{[%clk 0:17:21]} 23. axb3 {[%clk 0:11:58]} Qxb3 {[%clk 0:14:18]} 24. Rf1
{[%clk 0:07:06]} Qxb1 {[%clk 0:09:38]} 25. Bxb1 Bb5 {[%clk 0:10:03]} 26. Bf5
{[%clk 0:03:29]} Na6 {[%clk 0:07:18]} 27. d6 {[%clk 0:01:32]} g6 {[%clk 0:02:52]}
28. Ra5 {[%clk 0:00:33]} Bc4 {[%clk 0:01:32]} 29. Bb1 {[%clk 0:00:53]} b6
{[%clk 0:00:46]} 30. Re5 {[%clk 0:00:47]} Rxe5 {[%clk 0:00:56]} 31. fxe5
{[%clk 0:01:11]} Bxf1 {[%clk 0:01:21]} 32. Kxf1 {[%clk 0:01:38]} Nb4
{[%clk 0:00:31]} 33. Bg5 {[%clk 0:00:51]} Nd5 {[%clk 0:00:31]} 34. Be4
{[%clk 0:00:46]} 1-0

[Event "EYCC 2024 - G14"]
[Site "?"]
[Date "2024.08.26"]
[Round "5.4"]
[White "Huseynova, Lala"]
[Black "Toumpakari, Maria"]
[Result "1-0"]
[BlackElo "1774"]
[WhiteElo "1984"]
[LiveChessVersion "1.4.8"]

1. e4 {[%clk 1:30:58]} e6 {[%clk 1:30:55]} 2. d4 {[%clk 1:31:23]} d5
{[%clk 1:31:20]} 3. Nd2 {[%clk 1:31:43]} c5 {[%clk 1:31:43]} 4. Ngf3
{[%clk 1:32:07]} cxd4 {[%clk 1:32:03]} 5. exd5 {[%clk 1:32:26]} Qxd5
{[%clk 1:32:21]} 6. Bc4 {[%clk 1:32:45]} Qd7 {[%clk 1:32:45]} 7. O-O
{[%clk 1:32:53]} Nc6 {[%clk 1:32:57]} 8. Nb3 {[%clk 1:32:54]} a6 {[%clk 1:33:20]}
9. Nbxd4 {[%clk 1:32:52]} Nxd4 {[%clk 1:33:43]} 10. Nxd4 {[%clk 1:33:17]} Qc7
{[%clk 1:34:07]} 11. Bd3 {[%clk 1:33:22]} Bd6 {[%clk 1:33:50]} 12. Re1
{[%clk 1:22:29]} Bxh2+ {[%clk 1:26:52]} 13. Kh1 {[%clk 1:21:14]} Be5
{[%clk 1:27:04]} 14. Nxe6 {[%clk 1:19:33]} Bxe6 {[%clk 1:24:40]} 15. Qh5
{[%clk 1:19:13]} Nf6 {[%clk 0:59:01]} 16. Qxe5 {[%clk 1:19:29]} Qxe5
{[%clk 0:59:17]} 17. Rxe5 {[%clk 1:19:57]} O-O {[%clk 0:59:34]} 18. Bg5
{[%clk 0:57:44]} Nd7 {[%clk 0:53:35]} 19. Re3 {[%clk 0:53:10]} Nc5
{[%clk 0:49:44]} 20. Be2 {[%clk 0:52:52]} b5 {[%clk 0:39:35]} 21. Rd1
{[%clk 0:43:22]} Ra7 {[%clk 0:33:30]} 22. f4 {[%clk 0:38:26]} f6 {[%clk 0:29:50]}
23. Bh4 {[%clk 0:34:04]} Rd7 {[%clk 0:27:20]} 24. b4 {[%clk 0:30:08]} 1-0

[Event "EYCC 2024 - G14"]
[Site "?"]
[Date "2024.08.26"]
[Round "5.5"]
[White "Smietanska, Wiktoria"]
[Black "Markina, Sofiia"]
[Result "1-0"]
[BlackElo "1864"]
[WhiteElo "2143"]
[LiveChessVersion "1.4.8"]

1. e4 {[%clk 1:30:58]} c6 {[%clk 1:30:54]} 2. Nc3 {[%clk 1:31:22]} d5
{[%clk 1:31:17]} 3. Nf3 {[%clk 1:31:47]} Bg4 {[%clk 1:31:33]} 4. h3
{[%clk 1:32:10]} Bxf3 {[%clk 1:32:00]} 5. Qxf3 {[%clk 1:32:33]} e6
{[%clk 1:32:11]} 6. d3 {[%clk 1:32:45]} Bc5 {[%clk 1:32:05]} 7. Qg3
{[%clk 1:33:03]} Bd4 {[%clk 1:32:11]} 8. Ne2 {[%clk 1:32:53]} dxe4
{[%clk 1:32:33]} 9. Nxd4 {[%clk 1:24:13]} Qxd4 {[%clk 1:32:57]} 10. c3
{[%clk 1:24:33]} Qf6 {[%clk 1:32:13]} 11. dxe4 {[%clk 1:13:05]} Nd7
{[%clk 1:29:26]} 12. Be3 {[%clk 1:06:19]} e5 {[%clk 1:20:24]} 13. f3
{[%clk 0:59:53]} h6 {[%clk 1:19:46]} 14. O-O-O {[%clk 0:59:19]} Ne7
{[%clk 1:18:55]} 15. Bc4 {[%clk 0:55:35]} b5 {[%clk 1:17:07]} 16. Bb3
{[%clk 0:53:30]} c5 {[%clk 1:13:13]} 17. Rd2 {[%clk 0:38:14]} c4 {[%clk 1:08:46]}
18. Bc2 {[%clk 0:38:38]} Ng6 {[%clk 1:05:39]} 19. Rhd1 {[%clk 0:36:14]} Ndf8
{[%clk 0:57:56]} 20. Qf2 {[%clk 0:30:57]} a5 {[%clk 0:55:41]} 21. Bc5
{[%clk 0:28:09]} Ne6 {[%clk 0:53:49]} 22. Bd6 {[%clk 0:27:15]} Ne7
{[%clk 0:52:36]} 23. Qb6 {[%clk 0:25:53]} O-O {[%clk 0:49:02]} 24. Qxb5
{[%clk 0:24:46]} a4 {[%clk 0:44:00]} 25. Qxe5 {[%clk 0:23:27]} Qxe5
{[%clk 0:43:59]} 26. Bxe5 {[%clk 0:23:55]} a3 {[%clk 0:44:16]} 27. Bd6
{[%clk 0:23:04]} axb2+ {[%clk 0:44:37]} 28. Kxb2 {[%clk 0:23:32]} Rfe8
{[%clk 0:44:08]} 29. a4 {[%clk 0:22:18]} Nc6 {[%clk 0:44:03]} 30. Rd5
{[%clk 0:20:44]} Ra7 {[%clk 0:42:55]} 31. Ra1 {[%clk 0:20:13]} Rb7+
{[%clk 0:42:51]} 32. Kc1 {[%clk 0:20:13]} Nc7 {[%clk 0:41:59]} 33. Rc5
{[%clk 0:19:38]} 1-0

[Event "EYCC 2024 - G14"]
[Site "?"]
[Date "2024.08.26"]
[Round "5.6"]
[White "Tokarz, Gabriela"]
[Black "Zagorac, Lara"]
[Result "1/2-1/2"]
[BlackElo "2012"]
[WhiteElo "1845"]
[LiveChessVersion "1.4.8"]

1. d4 {[%clk 1:30:59]} d5 {[%clk 1:30:49]} 2. c4 {[%clk 1:31:27]} dxc4
{[%clk 1:31:06]} 3. Nf3 {[%clk 1:31:51]} Nf6 {[%clk 1:31:05]} 4. e3
{[%clk 1:32:17]} a6 {[%clk 1:31:10]} 5. Bxc4 {[%clk 1:32:21]} e6 {[%clk 1:31:29]}
6. O-O {[%clk 1:32:06]} Be7 {[%clk 1:31:46]} 7. Re1 {[%clk 1:31:25]} b5
{[%clk 1:31:31]} 8. Bf1 {[%clk 1:31:48]} Bb7 {[%clk 1:30:48]} 9. a4
{[%clk 1:31:42]} Nbd7 {[%clk 1:25:02]} 10. axb5 {[%clk 1:28:51]} axb5
{[%clk 1:25:04]} 11. Rxa8 {[%clk 1:28:20]} Qxa8 {[%clk 1:25:15]} 12. Bxb5
{[%clk 1:27:31]} O-O {[%clk 1:24:54]} 13. Nc3 {[%clk 1:25:56]} c6
{[%clk 1:24:50]} 14. Be2 {[%clk 1:19:52]} c5 {[%clk 1:24:06]} 15. Bd2
{[%clk 1:19:18]} cxd4 {[%clk 1:22:05]} 16. exd4 {[%clk 1:19:37]} Nb6
{[%clk 1:06:46]} 17. b3 {[%clk 1:09:45]} Rd8 {[%clk 1:01:14]} 18. Qb1
{[%clk 0:56:16]} Nbd5 {[%clk 0:51:17]} 19. Nxd5 {[%clk 0:48:44]} Bxd5
{[%clk 0:50:21]} 20. b4 {[%clk 0:48:00]} Ne4 {[%clk 0:47:24]} 21. Bf1
{[%clk 0:45:15]} Nxd2 {[%clk 0:39:23]} 22. Nxd2 {[%clk 0:45:07]} Qa4
{[%clk 0:37:38]} 23. Bc4 {[%clk 0:37:37]} Bb7 {[%clk 0:28:46]} 24. Qb3
{[%clk 0:31:02]} Qxb3 {[%clk 0:25:23]} 25. Nxb3 {[%clk 0:31:18]} Bxb4
{[%clk 0:25:32]} 26. Rd1 {[%clk 0:30:17]} Kf8 {[%clk 0:23:56]} 27. f3
{[%clk 0:29:35]} Rc8 {[%clk 0:21:34]} 28. Bf1 {[%clk 0:29:10]} Bd5
{[%clk 0:21:31]} 29. Nc1 {[%clk 0:26:34]} Bd6 {[%clk 0:16:16]} 30. Nd3
{[%clk 0:25:46]} Ra8 {[%clk 0:15:29]} 31. Ne5 {[%clk 0:24:41]} Ke7
{[%clk 0:15:17]} 32. Bc4 {[%clk 0:23:47]} Bxe5 {[%clk 0:14:49]} 33. Bxd5
{[%clk 0:24:07]} Bxh2+ {[%clk 0:15:06]} 34. Kxh2 {[%clk 0:24:28]} exd5
{[%clk 0:15:31]} 35. Kg3 {[%clk 0:23:58]} Ra2 {[%clk 0:15:04]} 36. Rb1
{[%clk 0:21:28]} Ra4 {[%clk 0:12:53]} 37. Kf4 {[%clk 0:18:44]} Rxd4+
{[%clk 0:09:07]} 38. Ke5 {[%clk 0:19:12]} Rd2 {[%clk 0:08:05]} 39. Rb7+
{[%clk 0:19:34]} Kd8 {[%clk 0:05:36]} 40. Rxf7 {[%clk 0:14:55]} Rxg2
{[%clk 0:05:52]} 41. Kxd5 {[%clk 0:15:21]} Ke8 {[%clk 0:05:48]} 42. Ra7
{[%clk 0:15:38]} h5 {[%clk 0:04:45]} 43. Ke6 {[%clk 0:15:04]} Kd8
{[%clk 0:03:41]} 44. Ra8+ {[%clk 0:14:36]} Kc7 {[%clk 0:04:10]} 45. Rh8
{[%clk 0:15:00]} g6 {[%clk 0:04:21]} 46. f4 {[%clk 0:14:39]} Rg4 {[%clk 0:03:06]}
47. f5 {[%clk 0:14:07]} gxf5 {[%clk 0:03:08]} 48. Kxf5 {[%clk 0:14:32]} Ra4
{[%clk 0:03:19]} 49. Rxh5 {[%clk 0:14:53]} 1/2-1/2

[Event "EYCC 2024 - G14"]
[Site "?"]
[Date "2024.08.26"]
[Round "5.7"]
[White "Kalandadze, Mariam"]
[Black "Alfano, Emilie"]
[Result "1-0"]
[BlackElo "1990"]
[WhiteElo "1826"]
[LiveChessVersion "1.4.8"]

1. d4 {[%clk 1:30:58]} d5 {[%clk 1:30:56]} 2. c4 {[%clk 1:31:23]} e6
{[%clk 1:31:24]} 3. Nf3 {[%clk 1:31:47]} Nf6 {[%clk 1:31:51]} 4. Nc3
{[%clk 1:32:10]} Be7 {[%clk 1:32:17]} 5. Bf4 {[%clk 1:32:33]} O-O
{[%clk 1:32:42]} 6. e3 {[%clk 1:32:59]} b6 {[%clk 1:33:09]} 7. cxd5
{[%clk 1:33:22]} Nxd5 {[%clk 1:33:35]} 8. Nxd5 {[%clk 1:33:46]} Qxd5
{[%clk 1:34:02]} 9. Be2 {[%clk 1:33:58]} Qa5+ {[%clk 1:22:25]} 10. Nd2
{[%clk 1:32:13]} Bb7 {[%clk 1:17:25]} 11. O-O {[%clk 1:31:47]} Na6
{[%clk 1:13:39]} 12. Nc4 {[%clk 1:27:45]} Qf5 {[%clk 1:13:07]} 13. Ne5
{[%clk 1:27:18]} Rfd8 {[%clk 1:02:52]} 14. g4 {[%clk 1:24:48]} Qf6
{[%clk 0:58:18]} 15. g5 {[%clk 1:25:05]} Qf5 {[%clk 0:58:31]} 16. Bg4
{[%clk 1:25:29]} Qe4 {[%clk 0:58:04]} 17. Bf3 {[%clk 1:25:53]} Qf5
{[%clk 0:58:21]} 18. Bxb7 {[%clk 1:26:15]} 1-0

[Event "EYCC 2024 - G14"]
[Site "?"]
[Date "2024.08.26"]
[Round "5.8"]
[White "Wieczorek, Maja"]
[Black "Sickmann, Lisa"]
[Result "0-1"]
[BlackElo "1964"]
[WhiteElo "1818"]
[LiveChessVersion "1.4.8"]

1. e4 {[%clk 1:30:57]} c5 {[%clk 1:30:58]} 2. Nf3 {[%clk 1:31:21]} e6
{[%clk 1:31:25]} 3. d4 {[%clk 1:31:45]} cxd4 {[%clk 1:31:52]} 4. Nxd4
{[%clk 1:32:10]} Nf6 {[%clk 1:32:18]} 5. Nc3 {[%clk 1:32:32]} Nc6
{[%clk 1:32:46]} 6. Be3 {[%clk 1:23:59]} Bb4 {[%clk 1:33:06]} 7. Bd3
{[%clk 1:06:45]} d5 {[%clk 1:31:58]} 8. f3 {[%clk 0:32:38]} e5 {[%clk 1:17:07]}
9. Nxc6 {[%clk 0:31:12]} bxc6 {[%clk 1:17:27]} 10. Bd2 {[%clk 0:30:47]} Qb6
{[%clk 1:12:56]} 11. Qe2 {[%clk 0:22:18]} O-O {[%clk 1:11:11]} 12. Na4
{[%clk 0:17:26]} Qa5 {[%clk 1:09:51]} 13. b3 {[%clk 0:16:20]} Rd8
{[%clk 1:05:43]} 14. Bxb4 {[%clk 0:14:33]} Qxb4+ {[%clk 1:06:07]} 15. c3
{[%clk 0:14:37]} Qd6 {[%clk 1:06:19]} 16. O-O {[%clk 0:13:02]} d4
{[%clk 1:00:26]} 17. Rad1 {[%clk 0:11:28]} Nh5 {[%clk 0:59:53]} 18. g3
{[%clk 0:05:44]} Bh3 {[%clk 1:00:07]} 19. Rf2 {[%clk 0:03:31]} Qg6
{[%clk 0:59:18]} 20. Kh1 {[%clk 0:02:41]} Rd6 {[%clk 0:59:28]} 21. Rg1
{[%clk 0:02:07]} dxc3 {[%clk 0:58:46]} 22. Nxc3 {[%clk 0:01:32]} Rad8
{[%clk 0:59:11]} 23. Rd1 {[%clk 0:01:39]} Qh6 {[%clk 0:58:17]} 24. Kg1
{[%clk 0:01:30]} Qg5 {[%clk 0:57:48]} 25. Kh1 {[%clk 0:01:13]} Rh6
{[%clk 0:57:43]} 26. Qd2 {[%clk 0:00:44]} Nxg3+ {[%clk 0:53:21]} 27. hxg3
{[%clk 0:00:33]} Qxg3 {[%clk 0:53:15]} 28. Rh2 {[%clk 0:00:31]} Qxf3+
{[%clk 0:53:37]} 0-1

[Event "EYCC 2024 - G14"]
[Site "?"]
[Date "2024.08.26"]
[Round "5.9"]
[White "Koghuashvili, Tekla"]
[Black "Siskou, Evangelia"]
[Result "0-1"]
[BlackElo "1932"]
[WhiteElo "1805"]
[LiveChessVersion "1.4.8"]

1. d4 {[%clk 1:30:59]} d5 {[%clk 1:30:51]} 2. c4 {[%clk 1:31:25]} e6
{[%clk 1:30:58]} 3. Nf3 {[%clk 1:31:49]} Nf6 {[%clk 1:31:18]} 4. g3
{[%clk 1:32:13]} Be7 {[%clk 1:31:25]} 5. Bg2 {[%clk 1:32:36]} O-O
{[%clk 1:31:44]} 6. O-O {[%clk 1:33:00]} c6 {[%clk 1:32:08]} 7. Nc3
{[%clk 1:32:35]} Nbd7 {[%clk 1:31:42]} 8. Qc2 {[%clk 1:27:11]} b6
{[%clk 1:28:40]} 9. Rd1 {[%clk 1:25:05]} Bb7 {[%clk 1:28:01]} 10. e4
{[%clk 1:16:52]} dxe4 {[%clk 1:22:37]} 11. Nxe4 {[%clk 1:17:14]} Nxe4
{[%clk 1:13:23]} 12. Qxe4 {[%clk 1:17:37]} Nf6 {[%clk 1:13:37]} 13. Qe2
{[%clk 1:17:41]} Rc8 {[%clk 1:12:52]} 14. Ne5 {[%clk 1:16:30]} Nd7
{[%clk 1:01:55]} 15. d5 {[%clk 1:12:47]} cxd5 {[%clk 0:59:14]} 16. cxd5
{[%clk 1:10:34]} Nxe5 {[%clk 0:57:17]} 17. d6 {[%clk 1:07:31]} Bxg2
{[%clk 0:51:56]} 18. dxe7 {[%clk 1:07:01]} Qxe7 {[%clk 0:52:24]} 19. Kxg2
{[%clk 1:06:42]} Qb7+ {[%clk 0:52:46]} 20. f3 {[%clk 1:05:47]} Nc6
{[%clk 0:49:35]} 21. Bd2 {[%clk 1:02:49]} Nd4 {[%clk 0:47:16]} 22. Qf2
{[%clk 1:02:47]} e5 {[%clk 0:43:40]} 23. Bc3 {[%clk 1:02:08]} Nc6
{[%clk 0:43:11]} 24. Rd5 {[%clk 0:57:16]} f6 {[%clk 0:42:00]} 25. Qe2
{[%clk 0:53:44]} Ne7 {[%clk 0:36:00]} 26. Rd2 {[%clk 0:53:46]} Rfd8
{[%clk 0:33:39]} 27. Rad1 {[%clk 0:53:22]} Rxd2 {[%clk 0:32:44]} 28. Qxd2
{[%clk 0:52:51]} e4 {[%clk 0:23:23]} 29. Qe3 {[%clk 0:48:38]} Nf5
{[%clk 0:21:27]} 30. Qf4 {[%clk 0:45:14]} exf3+ {[%clk 0:19:45]} 31. Kf2
{[%clk 0:45:06]} Qe7 {[%clk 0:15:06]} 32. Kxf3 {[%clk 0:43:33]} Re8
{[%clk 0:11:39]} 33. Rd2 {[%clk 0:35:41]} Ne3 {[%clk 0:08:39]} 34. Kf2
{[%clk 0:31:03]} Nd1+ {[%clk 0:06:13]} 35. Kg2 {[%clk 0:30:06]} Ne3+
{[%clk 0:05:19]} 36. Kg1 {[%clk 0:27:53]} Qc5 {[%clk 0:04:47]} 37. Qf2
{[%clk 0:26:26]} Re5 {[%clk 0:03:43]} 38. Rd4 {[%clk 0:21:57]} Qe7
{[%clk 0:02:23]} 39. Rd3 {[%clk 0:19:12]} Ng4 {[%clk 0:01:55]} 40. Qf3
{[%clk 0:18:57]} Re4 {[%clk 0:01:30]} 41. h3 {[%clk 0:16:09]} Qc5+
{[%clk 0:01:11]} 42. Kg2 {[%clk 0:16:17]} Ne3+ {[%clk 0:01:35]} 43. Kh2
{[%clk 0:16:34]} Re8 {[%clk 0:01:27]} 44. h4 {[%clk 0:11:11]} Ng4+
{[%clk 0:01:05]} 45. Kg2 {[%clk 0:10:23]} h5 {[%clk 0:01:03]} 46. b4
{[%clk 0:08:54]} Qc4 {[%clk 0:01:13]} 47. a4 {[%clk 0:03:51]} Qa2+
{[%clk 0:01:16]} 48. Rd2 {[%clk 0:04:12]} Qc4 {[%clk 0:00:59]} 49. Kh3
{[%clk 0:02:52]} Qe6 {[%clk 0:00:54]} 50. Kg2 {[%clk 0:02:52]} Ne3+
{[%clk 0:01:14]} 51. Kg1 {[%clk 0:02:54]} Qc4 {[%clk 0:01:22]} 52. Qxh5
{[%clk 0:02:15]} Rc8 {[%clk 0:00:44]} 53. Bb2 {[%clk 0:01:58]} Qxb4
{[%clk 0:00:47]} 54. Qe2 {[%clk 0:02:04]} Re8 {[%clk 0:00:52]} 55. Rd3
{[%clk 0:01:26]} Qg4 {[%clk 0:00:43]} 56. Qxg4 {[%clk 0:01:13]} Nxg4
{[%clk 0:01:12]} 57. Bd4 {[%clk 0:01:16]} Re1+ {[%clk 0:01:27]} 58. Kg2
{[%clk 0:01:32]} Ne5 {[%clk 0:01:18]} 59. Rc3 {[%clk 0:00:58]} Re2+
{[%clk 0:01:25]} 60. Kh3 {[%clk 0:01:12]} Re4 {[%clk 0:01:15]} 61. Bxe5
{[%clk 0:01:14]} fxe5 {[%clk 0:01:43]} 62. Ra3 {[%clk 0:01:24]} Kf7
{[%clk 0:01:56]} 63. a5 {[%clk 0:01:20]} b5 {[%clk 0:02:04]} 64. a6
{[%clk 0:01:44]} Ra4 {[%clk 0:01:45]} 65. Rb3 {[%clk 0:01:54]} b4
{[%clk 0:01:20]} 66. Kg4 {[%clk 0:02:09]} e4 {[%clk 0:01:36]} 67. Kf5
{[%clk 0:01:48]} e3 {[%clk 0:01:54]} 68. Rxe3 {[%clk 0:02:08]} Rxa6
{[%clk 0:02:23]} 69. Rb3 {[%clk 0:02:14]} Rb6 {[%clk 0:02:45]} 70. g4
{[%clk 0:01:46]} a5 {[%clk 0:03:10]} 71. g5 {[%clk 0:01:48]} g6+ {[%clk 0:03:28]}
72. Ke4 {[%clk 0:02:06]} a4 {[%clk 0:03:53]} 73. Rb1 {[%clk 0:02:06]} a3
{[%clk 0:03:53]} 74. Rf1+ {[%clk 0:01:58]} Kg7 {[%clk 0:03:00]} 75. Rc1
{[%clk 0:01:52]} Rb7 {[%clk 0:03:16]} 76. h5 {[%clk 0:01:12]} b3 {[%clk 0:03:29]}
77. h6+ Kh7 {[%clk 0:03:50]} 0-1

[Event "EYCC 2024 - G14"]
[Site "?"]
[Date "2024.08.26"]
[Round "5.10"]
[White "Briem, Gudrun Fanney"]
[Black "Jakubse, Tamae Severina"]
[Result "0-1"]
[BlackElo "1904"]
[WhiteElo "1764"]
[LiveChessVersion "1.4.8"]

1. d4 {[%clk 1:30:56]} Nf6 {[%clk 1:30:58]} 2. c4 {[%clk 1:31:19]} c5
{[%clk 1:31:24]} 3. d5 {[%clk 1:30:25]} b5 {[%clk 1:30:49]} 4. cxb5
{[%clk 1:23:18]} a6 {[%clk 1:31:11]} 5. b6 {[%clk 1:19:23]} Qxb6 {[%clk 1:29:04]}
6. Nc3 {[%clk 1:16:50]} g6 {[%clk 1:27:55]} 7. g3 {[%clk 1:16:10]} Bg7
{[%clk 1:17:46]} 8. Bg2 {[%clk 1:15:18]} d6 {[%clk 1:17:50]} 9. e4
{[%clk 1:13:02]} Bb7 {[%clk 1:17:03]} 10. Nf3 {[%clk 1:11:28]} O-O
{[%clk 1:13:43]} 11. O-O {[%clk 1:09:02]} Nbd7 {[%clk 1:11:17]} 12. Nd2
{[%clk 1:03:42]} a5 {[%clk 0:55:47]} 13. Na4 {[%clk 0:43:02]} Qc7
{[%clk 0:47:57]} 14. f4 {[%clk 0:39:59]} e6 {[%clk 0:47:26]} 15. dxe6
{[%clk 0:29:03]} fxe6 {[%clk 0:47:53]} 16. Re1 {[%clk 0:28:43]} d5
{[%clk 0:44:25]} 17. e5 {[%clk 0:26:43]} Ne8 {[%clk 0:44:48]} 18. b3
{[%clk 0:24:48]} Nb6 {[%clk 0:43:09]} 19. Nc3 {[%clk 0:20:58]} g5
{[%clk 0:37:58]} 20. Qg4 {[%clk 0:19:19]} gxf4 {[%clk 0:31:23]} 21. gxf4
{[%clk 0:16:43]} Qf7 {[%clk 0:30:16]} 22. Nf3 {[%clk 0:13:37]} h6
{[%clk 0:28:16]} 23. Ba3 {[%clk 0:10:53]} Nd7 {[%clk 0:21:59]} 24. Ne2
{[%clk 0:10:00]} Nc7 {[%clk 0:21:46]} 25. Rac1 {[%clk 0:09:03]} Na6
{[%clk 0:22:07]} 26. Bh3 {[%clk 0:08:22]} Rae8 {[%clk 0:22:01]} 27. Nh4
{[%clk 0:08:17]} Kh7 {[%clk 0:20:42]} 28. Bg2 {[%clk 0:02:35]} Nb4
{[%clk 0:20:05]} 29. Bxb4 {[%clk 0:01:40]} axb4 {[%clk 0:20:33]} 30. Rf1
{[%clk 0:01:37]} Ba6 {[%clk 0:19:44]} 31. Rc2 {[%clk 0:01:12]} Rg8
{[%clk 0:15:15]} 32. Qh3 {[%clk 0:01:03]} Bf8 {[%clk 0:14:43]} 33. Kh1
{[%clk 0:01:12]} Be7 {[%clk 0:14:27]} 34. Rf2 {[%clk 0:00:56]} Nxe5
{[%clk 0:12:46]} 35. Ng3 {[%clk 0:00:43]} Ng4 {[%clk 0:11:21]} 36. Rfd2
{[%clk 0:00:34]} Qxf4 {[%clk 0:11:00]} 37. Kg1 {[%clk 0:00:38]} Qe3+
{[%clk 0:10:52]} 38. Kh1 {[%clk 0:00:43]} Qe1+ {[%clk 0:10:28]} 39. Bf1
{[%clk 0:00:40]} Bxf1 {[%clk 0:09:53]} 40. Nxf1 {[%clk 0:00:39]} Qxh4
{[%clk 0:09:21]} 41. Qd3+ {[%clk 0:00:40]} Kh8 {[%clk 0:09:25]} 42. Ng3
{[%clk 0:00:44]} Bd6 {[%clk 0:08:41]} 43. Rg2 {[%clk 0:00:55]} Bxg3
{[%clk 0:07:46]} 44. Rxg3 {[%clk 0:01:20]} Ne5 {[%clk 0:08:01]} 45. Qe2
{[%clk 0:00:32]} Qe4+ {[%clk 0:07:19]} 46. Qxe4 {[%clk 0:00:44]} dxe4
{[%clk 0:07:46]} 47. Re3 {[%clk 0:00:50]} Rd8 {[%clk 0:07:31]} 48. Rxc5
{[%clk 0:00:52]} Rd1+ {[%clk 0:07:54]} 49. Re1 {[%clk 0:01:13]} Rxe1#
{[%clk 0:08:18]} 0-1